000 01063cam a22002771 4500
001 hew66000063
003 DLC
005 20260227111514.0
008 740109s1966 dcu f000 0 eng c
010 _ahew66000063
035 _a(OCoLC)773013
040 _aU.S. Dept. of Health, Education, and Welfare. Library
_cOClU
_dOCoLC
_dDLC
042 _apremarc
050 0 0 _aL111
_b.A6 1966, no. 12
051 _aLB2342
_b.N2
082 _a378.102
100 1 _aNance, Paul Kint,
_d1917-
245 1 0 _aBusiness management practices in selected colleges and universities
_c[by] Paul K. Nance.
260 _a[Washington]
_bU.S. Dept. of Health, Education, and Welfare, Office of Education;
_b[for sale by the Superintendent. of Documents, U.S. Govt. Print. Off.,
_c1966]
300 _avi, 125 p.
_c24 cm.
410 1 0 _aUnited States.
_bOffice of Education.
_tBulletin 1966,
_vno. 12
490 1 _aCase studies
500 _a"OE 53025."
650 0 _aUniversities and colleges
_xBusiness management.
810 1 _aUnited States.
_bOffice of Education.
_tCase studies.
999 _c34609
_d34609